Statistics for Amnesiac - Radiohead

Click here to take the quiz!

General Stats

  • This quiz has been taken 5 times
  • The average score is 8 of 11

Answer Stats

Answer% Correct
Morning Bell/Amnesiac
100%
Pyramid Song
100%
I Might Be Wrong
80%
Knives Out
80%
Like Spinning Plates
80%
You and Whose Army?
80%
Dollars and Cents
60%
Hunting Bears
60%
Pulk/Pull Revolving Doors
60%
Life in a Glasshouse
40%
Packt Like Sardines in a Crushd Tin Box
40%

Score Distribution

Percentile by Number Answered

Percent of People with Each Score

Your Score History

You have not taken this quiz